|
|
|
|
| LEADER |
00000cam a2200000 a 4500 |
| 001 |
2802a |
| 005 |
20230308160558.0 |
| 008 |
003111|1877 ||||||||r|||||||||||spa|| |
| 040 |
|
|
|b spa
|
| 041 |
1 |
|
|a fre
|
| 082 |
0 |
|
|a 620
|
| 100 |
1 |
|
|a Collignon, M. Edouard
|9 19622
|
| 245 |
|
|
|a Cours de mécanique appliquée aux constructions. Resistance de matériaux
|c Collignon Edouard
|h imp
|
| 264 |
|
|
|a París
|b Dunod, Editeur
|c 1877
|
| 300 |
|
|
|a 792 páginas:
|b ilu
|c 23 cm
|
| 504 |
|
|
|a incl. ref.
|
| 650 |
|
|
|a Resistencia de materiales
|9 12468
|
| 852 |
|
|
|a UC-CDJBV
|c ESTANTERIA CERRADA
|f Donación
|k guillermina.martinez
|l 1
|m Limitada
|p 20031119
|q 1.00
|t 2802a
|b 1
|d CDRC
|e CDRC
|g 620 ESTANTERIA CERRADA
|z 2003-31-11
|
| 942 |
|
|
|c BK
|
| 999 |
|
|
|c 11179
|d 11179
|